000 00246nam a2200097Ia 4500
008 240331s9999 xx 000 0 und d
082 _a025.49
_bISI
100 _aIsis Internationa. ed
245 0 _aList of descriptors on the theme of women
942 _cL
999 _c666
_d666